000 00290nam a22001337a 4500
008 171213b xxu||||| |||| 00| 0 eng d
020 _a0070622329
041 _aeng
080 _27 ED
_a62
100 _a27
101 _aIM
245 _aFLUID MECHANICS
_cSTREETER.V.L
942 _2udc
_cBK
999 _c38876
_d38876